[Event "31st Roquetas de Mar Open 2020"]
[Site "Roquetas de Mar"]
[Date "2020.01.02"]
[Round "1.1"]
[White "Grigoryan, Karen H."]
[Black "Savitha Shri B"]
[Result "1-0"]
[WhiteElo "2632"]
[BlackElo "2106"]
[Annotator "TA"]
[PlyCount "83"]
[EventDate "2020.01.02"]
[EventType "swiss"]
[EventCountry "ESP"]
[SourceTitle "playchess.com"]
[Source "ChessBase"]
[SourceQuality "1"]

{[%evp 9,83,-4,31,24,31,40,43,20,20,16,35,40,45,39,44,45,68,52,52,53,54,29,35,28,119,114,115,120,133,124,134,131,141,145,147,139,198,188,195,195,212,208,271,212,267,268,264,262,260,247,353,347,420,371,413,386,479,420,497,518,637,646,646,631,716,708,694,689,970,940,914,874,1208,1182,1004,910]} 1. d4 Nf6 2. Bg5 d5 3. Bxf6 exf6 4. e3 Bd6 5. c4 c6 (5... dxc4 6. Bxc4 f5 7. Nc3 O-O 8. Nf3 Nd7 9. O-O c6 10. Qc2 Nf6 11. a3 Qe7 12. b4 Bd7 13. Bd3 g6 14. Na4 Rad8 15. Nc5 Bc8 16. Bc4 Kg7 17. Rab1 Ne4 {½-½ (50) Korobov,A (2715)-Leko,P (2737) Kiev 2013}) 6. cxd5 {D00: 1 d4 d5: Unusual lines} cxd5 7. Nc3 Qb6 $146 ({Predecessor:} 7... Be6 8. g3 Qb6 {½-½ (23) Rosario,J (1970)-Parreira,A (1748) Vila Nova de Gaia 2010}) 8. Qd2 {White is slightly better.} Be6 9. g3 O-O 10. Bg2 Bb4 11. Nge2 Nc6 12. O-O Na5 13. Qd3 Rfd8 14. Nf4 {[%cal Rc3d5]} Bxc3 $1 15. bxc3 Rac8 16. Rab1 $36 {[%mdl 2048] Black is under pressure.} Qa6 (16... Qc6 $11) 17. Qxa6 $16 bxa6 18. Rfc1 g5 {[#]} 19. Nd3 $1 Bf5 20. Bf1 Rd6 21. Rb4 Bxd3 22. Bxd3 Rdc6 (22... Rc7 $16 23. Kg2 Kg7) 23. Ra4 $18 Nc4 24. Bxc4 dxc4 {[%mdl 4096] Endgame KRR-KRR} 25. Rb1 R8c7 26. Ra5 Kg7 27. g4 h5 28. h3 ({Resist} 28. gxh5 $6 Kh6 $18) 28... hxg4 29. hxg4 Kf8 (29... Rc8 $142 30. Rb7 Rh8) 30. f3 Ke8 31. Rb4 Rd6 32. Kf2 Kd8 33. e4 Kc8 34. Ke3 {White is clearly winning.} Rb6 35. Rxb6 axb6 36. Rxa6 {KR-KR} Kb7 37. Ra4 b5 38. Rb4 Ka6 39. a4 bxa4 40. Rxa4+ Kb5 41. Rb4+ Ka5 42. d5 {Accuracy: White = 81%, Black = 36%.} 1-0

[Event "31st Roquetas de Mar Open 2020"]
[Site "Roquetas de Mar"]
[Date "2020.01.02"]
[Round "1.2"]
[White "Sanjuan Garcia, Miguel"]
[Black "Lu, Shanglei"]
[Result "0-1"]
[WhiteElo "2105"]
[BlackElo "2611"]
[Annotator "TA"]
[PlyCount "44"]
[EventDate "2020.01.02"]
[EventType "swiss"]
[EventCountry "ESP"]
[SourceTitle "playchess.com"]
[Source "ChessBase"]
[SourceQuality "1"]

{[%evp 17,44,25,38,0,9,0,36,25,17,23,31,22,33,18,24,-120,-132,-119,-121,-133,-122,-126,-138,-178,-156,-428,-416,-415,-406]} 1. e4 c5 2. Nf3 d6 3. d4 cxd4 4. Nxd4 Nf6 5. Nc3 a6 6. Bg5 e6 7. f4 h6 8. Bh4 Be7 9. Qf3 Qc7 10. Qg3 {B98: Sicilian Najdorf: 6 Bg5 e6 7 f4 Be7, sidelines} (10. O-O-O Nbd7 11. Bd3 g5 12. fxg5 Ne5 13. Qe2 Nfg4 14. Kb1 hxg5 15. Bg3 Bd7 16. Qd2 b5 17. Nf3 Nxf3 18. gxf3 Ne5 19. Rhf1 Rh7 20. f4 gxf4 21. Bxf4 Qc5 {0-1 (47) Gao,R (2543)-Moranda,W (2593) chess.com INT 2019}) 10... Nbd7 11. Be2 ({Of course not} 11. Qxg7 Rg8 $17) 11... O-O $146 ({Predecessor:} 11... b5 12. a3 Rb8 13. O-O-O b4 14. axb4 Rxb4 15. f5 e5 {½-½ (31) Gutierrez Dopino,J (2248)-Jenkinson,S (2288) ICCF email 2014}) 12. Bf3 {White is slightly better.} Nb6 13. O-O-O e5 14. Nf5 Bxf5 $1 15. exf5 $40 {[%mdl 128] White is up to no good.} Rac8 16. Kb1 {[#]} (16. Rhe1 $11 {keeps the balance.}) 16... e4 $1 $17 {[%cal Re4f3][%mdl 512]} 17. Bxf6 (17. Nxe4 Qxc2+) 17... Bxf6 18. Bxe4 Rfe8 19. Rhe1 Qd8 {And now ...Rxc3! would win.} 20. Nd5 Bh4 {[%mdl 64] Skewer} 21. Qg4 $2 (21. Qd3 $17 Bxe1 22. Rxe1) 21... Nxd5 $19 22. Bxd5 {Strongly threatening Rxe8+.} Bxe1 {Accuracy: White = 28%, Black = 85%.} 0-1

[Event "31st Roquetas de Mar Open 2020"]
[Site "Roquetas de Mar"]
[Date "2020.01.02"]
[Round "1.3"]
[White "Pridorozhni, Aleksei"]
[Black "Luque Saiz, Andres"]
[Result "1-0"]
[WhiteElo "2601"]
[BlackElo "2103"]
[Annotator "TA"]
[PlyCount "89"]
[EventDate "2020.01.02"]
[EventType "swiss"]
[EventCountry "ESP"]
[SourceTitle "playchess.com"]
[Source "ChessBase"]
[SourceQuality "1"]

{[%evp 18,89,-11,-22,0,-6,53,54,52,50,52,53,51,7,41,0,11,0,57,52,50,43,89,74,183,182,184,206,197,186,184,20,170,150,200,194,195,185,203,208,819,27,786,73,666,647,404,652,732,672,884,878,858,857,721,668,668,656,668,668,638,621,796,778,1033,991,1043,1030,1037,1017,1061,1013,902,877]} 1. c4 c6 2. Nf3 d5 3. b3 Nf6 4. Bb2 Bf5 5. d3 h6 6. Nbd2 Nbd7 7. g3 e6 8. Bg2 Bc5 9. O-O O-O 10. Qe1 Bh7 {A12: English Opening: 1...c6 with b3 by White} 11. e4 Re8 $146 (11... dxe4 $11 12. dxe4 e5) ({Predecessor:} 11... a5 12. e5 Ne8 13. d4 Bb4 14. Qe3 Nc7 15. a3 Be7 16. c5 b6 17. b4 Qb8 18. Bc3 {1-0 (82) Granda Zuniga,J (2663)-Van Wely,L (2654) Linares 2015}) 12. e5 $1 $14 {[%cal Re5f6]} Bxd3 {White is slightly better.} 13. exf6 Nxf6 14. Ne5 $1 {[%cal Re5d3]} Bxf1 15. Nxf1 Nd7 16. Rd1 Nxe5 17. Qxe5 {[%csl Gb2][%cal Re5g7]} f6 ({Better is} 17... Qg5 $11) 18. Qe2 {[%mdl 1024] White has compensation.} Qe7 19. Bf3 Qf7 20. Ne3 Rad8 (20... Bxe3 $16 21. fxe3 (21. Qxe3 Red8 $14) 21... dxc4) 21. Bh5 $18 g6 22. Ng4 Kf8 23. Nxf6 gxh5 24. Nxe8 $2 ({Only move:} 24. Rd3 $1 $18 {[%cal Rd3f3] Hoping for Rf3.} Qg6 25. Rf3) 24... Rxe8 (24... Kxe8 $11 25. cxd5 Qf5) 25. Rd3 $1 {[%cal Rd3f3] aiming for Rf3.} Ke7 26. Rf3 $1 Qg6 {[#]} 27. cxd5 $1 cxd5 {[#]} 28. Qb5 $1 $40 {[%mdl 640] Black is in trouble.} Bb6 $2 (28... Kd6 29. Be5+ {[%mdl 64] Deflection} Kxe5 30. Qxc5 Qh7) 29. Bf6+ $2 (29. Qb4+ $18 Kd7 30. Be5) 29... Kd6 $2 {[%mdl 8192]} (29... Kf7 $11) 30. a4 $2 (30. Qb4+ $18 {is the precise move to win.} Kc6 31. Be5 Bxf2+ 32. Rxf2) 30... Rc8 $2 {[%mdl 8192]} (30... Qe4 $16 31. Qxe8 Qxf3 32. Qe7+ {[%mdl 64] [#] Double Attack} Kc6 $1 {[%mdl 512]} 33. Qxe6+ Kc5) 31. Qb4+ Rc5 {With the idea ...Qe4.} 32. Bd4 {[%mdl 64] Pin} Qg4 {White is clearly winning.} 33. Kg2 Kc6 34. Bxc5 {Qb5+ would kill now.} Bxc5 {[%mdl 4096] Endgame KQR-KQB} 35. Qb5+ Kd6 36. Qxb7 h4 {...h3+ is the strong threat.} 37. h3 Qb4 38. Qxb4 Bxb4 {KR-KB} 39. Rf4 Bd2 40. Rxh4 e5 41. Kf3 e4+ 42. Ke2 Bc1 43. Rh5 d4 44. Kd1 Ba3 45. Rxh6+ {Accuracy: White = 55%, Black = 24%.} 1-0

[Event "31st Roquetas de Mar Open 2020"]
[Site "Roquetas de Mar"]
[Date "2020.01.02"]
[Round "1.4"]
[White "Toshali, V."]
[Black "Bernadskiy, Vitaliy"]
[Result "0-1"]
[WhiteElo "2092"]
[BlackElo "2588"]
[Annotator "TA"]
[PlyCount "92"]
[EventDate "2020.01.02"]
[EventType "swiss"]
[EventCountry "ESP"]
[SourceTitle "playchess.com"]
[Source "ChessBase"]
[SourceQuality "1"]

{[%evp 15,92,0,0,-6,0,0,0,0,25,-8,-11,-8,-6,-17,0,-12,-14,0,3,-27,-24,-20,-11,-42,-47,-51,-39,-45,-16,-22,-3,-11,0,0,0,0,0,0,-16,0,-5,-22,0,0,0,0,0,-140,-143,-292,-285,-266,-281,-368,-368,-368,-368,-368,-368,-368,-368,-368,-362,-354,-354,-327,-324,-501,-489,-466,-453,-675,-675,-675,-669,-29969,-29970,-29970,-29975]} 1. d4 Nf6 2. Nf3 g6 3. Bg5 Bg7 4. Nbd2 O-O 5. e4 d6 6. c3 c5 7. dxc5 dxc5 8. Bc4 Nc6 9. Qe2 {A48: 1 d4 Nf6 2 Nf3 g6: Torre, London and Colle Systems} h6 10. Bxf6 exf6 11. O-O {The position is equal.} f5 $146 ({Predecessor:} 11... Qe7 12. Rad1 Be6 13. Bxe6 Qxe6 14. Qc4 Rad8 15. Qxe6 fxe6 16. Nc4 Rxd1 17. Rxd1 {½-½ (31) Adhiban,B (2655)-Safarli,E (2639) Riadh 2017}) 12. Qe3 Re8 13. Rfe1 Qb6 14. Rab1 g5 15. h3 Na5 16. Bd5 fxe4 17. Bxe4 {Strongly threatening Bh7+!} Be6 18. b4 cxb4 $1 19. Qxb6 (19. cxb4 {is more complex.} Nc6 20. a3 Ne7 21. Nf1 Red8 22. Rbd1) 19... axb6 20. cxb4 Nc6 21. b5 Na5 22. a4 f5 23. Bc2 Rad8 {White must now prevent ...g4.} 24. Re2 Kf7 25. Nf1 Bc3 26. h4 g4 27. Ne5+ $1 Kf6 28. Nd3 Ba2 29. Rxe8 Rxe8 30. Rd1 Nb3 {White should prevent ...Nd4.} 31. Ne3 (31. Nf4 $11 Nd4 32. Bd3) 31... Nd4 $36 {[%mdl 2048] Keeping White busy.} 32. Bb1 (32. Nc1 $17 {was worth a try.} Be6 33. Bb1) 32... Bb3 $1 $19 {[%csl LRa4,LRd1][%mdl 64] Double Attack} 33. Rf1 {[#]} Ne2+ $1 34. Kh1 {[#]} Rxe3 $1 {[%mdl 576] Deflection} 35. fxe3 Ng3+ {[%mdl 64] Double Attack} 36. Kg1 Nxf1 37. Kxf1 Bxa4 {[%mdl 4096] Endgame KBB-KBN} 38. Nf4 {aiming for Nd5+.} Bxb5+ 39. Kf2 {next Nd5+ is good for White.} Bc4 40. Nh5+ Ke5 41. Ng7 (41. Ng3 $142) 41... f4 42. exf4+ Kxf4 {( -> ...g3+)} 43. Nf5 {[#]} (43. g3+ $142 Ke5 44. Nf5) 43... g3+ $1 44. Kg1 (44. Nxg3 Bd4+) 44... Be6 45. Nxh6 Bg7 46. Ng4 Bxg4 {Accuracy: White = 58%, Black = 58%.} 0-1

[Event "31st Roquetas de Mar Open 2020"]
[Site "Roquetas de Mar"]
[Date "2020.01.02"]
[Round "1.5"]
[White "Sivuk, Vitaly"]
[Black "Yugina, Maria"]
[Result "1-0"]
[WhiteElo "2579"]
[BlackElo "2089"]
[Annotator "RC"]
[PlyCount "53"]
[EventDate "2020.01.02"]
[EventType "swiss"]
[EventCountry "ESP"]
[SourceTitle "playchess.com"]
[Source "ChessBase"]
[SourceQuality "1"]
[TimeControl "5400+30"]

1. d4 {[%emt 0:00:00]} e6 {[%emt 0:00:00]} 2. c4 {[%emt 0:00:00]} Bb4+ {[%emt 0:00:21]} 3. Nd2 {[%emt 0:00:00]} b6 {[%emt 0:02:26]} 4. a3 {[%emt 0:00:43]} Bxd2+ {[%emt 0:00:27]} 5. Qxd2 {[%emt 0:00:09]} Bb7 {[%emt 0:01:54]} 6. b4 {[%emt 0:00:42]} f5 {[%emt 0:01:33]} 7. Bb2 {[%emt 0:00:22]} Nf6 {[%emt 0:00:32]} 8. f3 {[%emt 0:00:44]} O-O {[%emt 0:01:46]} 9. e3 {[%emt 0:00:52]} d6 {[%emt 0:12:52]} 10. Bd3 {[%emt 0:00:21]} Qe7 {[%emt 0:02:08]} 11. Ne2 {[%emt 0:00:48]} Nbd7 {[%emt 0:00:19]} 12. O-O {[%emt 0:00:42]} Rae8 {[%emt 0:00:20]} 13. Rae1 {[%emt 0:02:19]} Rf7 {[%emt 0:03:03]} 14. Ng3 {[%emt 0:06:56]} Nf8 {[%emt 0:06:18]} 15. d5 {[%emt 0:01:56]} exd5 {[%emt 0:02:49]} 16. Nxf5 {[%emt 0:00:29]} Qd7 {[%emt 0:02:58]} 17. cxd5 {[%emt 0:00:11]} Bxd5 {[%emt 0:03:13]} 18. e4 {[%emt 0:00:28]} Be6 {[%emt 0:00:58]} 19. Nd4 {[%emt 0:00:17]} Kh8 {[%emt 0:13:51]} 20. Bb5 {[%emt 0:00:17]} Qc8 {[%emt 0:00:52]} 21. Bxe8 {[%emt 0:00:11]} Nxe8 {[%emt 0:00:49]} 22. Nxe6 {[%emt 0:03:13]} Nxe6 {[%emt 0:01:31]} 23. f4 {[%emt 0:00:33]} Qd7 {[%emt 0:14:49]} 24. e5 {[%emt 0:01:04]} Nf8 {[%emt 0:01:56]} 25. e6 {[%emt 0:00:29]} Nxe6 {[%emt 0:00:22]} 26. Qe3 {[%emt 0:00:07]} Re7 {[%emt 0:01:07]} 27. f5 {[%emt 0:00:11]} 1-0

[Event "31st Roquetas de Mar Open 2020"]
[Site "Roquetas de Mar"]
[Date "2020.01.02"]
[Round "1.6"]
[White "Kumar, Naman"]
[Black "Vazquez Igarza, Renier"]
[Result "0-1"]
[WhiteElo "2082"]
[BlackElo "2552"]
[Annotator "TA"]
[PlyCount "52"]
[EventDate "2020.01.02"]
[EventType "swiss"]
[EventCountry "ESP"]
[SourceTitle "playchess.com"]
[Source "ChessBase"]
[SourceQuality "1"]

{[%evp 17,109,6,13,17,34,31,37,31,24,-15,-16,-17,0,-76,-70,-83,-77,-114,-98,-123,-114,-118,-122,-213,-118,-131,-123,-119,-118,-115,-119,-151,-150,-151,-92,-104,-33,-42,-39,-83,-83,-79,-80,-71,-79,-58,-54,-156,-140,-240,-214,-230,-230,-314,-310,-335,-352,-471,-245,-245,-245,-324,-227,-383,-383,-380,-372,-450,-464,-608,-595,-834,-818,-5372,-4954,-1558,-818,-1211,-1218,-1000,-647,-1691,-1472,-1630,-1667,-1578,-1567,-1721,-1701,-29981,-29982,-29982,-29980,-5443]} 1. e4 c5 2. Nf3 d6 3. d4 cxd4 4. Nxd4 Nf6 5. Nc3 a6 6. g3 e5 7. Nb3 Be7 8. Bg2 O-O 9. O-O Nbd7 10. a4 {B91: Sicilian Najdorf: 6 g3} (10. Bd2 Qc7 11. a4 Nb6 12. Bg5 Be6 13. f4 exf4 14. gxf4 Nc4 15. Qc1 h6 16. Bh4 Nxe4 17. Bxe7 Nxc3 {½-½ (37) Naiditsch,A (2657)-Volokitin,A (2624) Bled 2016}) 10... b6 11. Be3 Bb7 12. Qe2 {White is slightly better.} Qc7 13. f4 $146 ({Predecessor:} 13. Nd5 Nxd5 14. exd5 Rac8 15. Rfc1 f5 16. a5 b5 17. c4 bxc4 {1-0 (42) Faibisovich,V (2348)-Schmidt,G (2203) Radebeul 2016}) 13... Rac8 14. f5 Rfe8 15. Bf3 {[#]} (15. Rfc1 $11 {keeps the balance.}) 15... d5 $1 $17 {[%mdl 512]} 16. exd5 {[#]} (16. Nxd5 Bxd5) 16... Bb4 $1 17. Ne4 Qxc2 18. Nxf6+ Nxf6 19. Qxc2 Rxc2 20. Bd1 (20. Bxb6 $17 {keeps fighting.} Bxd5 21. Bxd5 Nxd5 22. Rf2) 20... Rcc8 ({Don't take} 20... Rxb2 21. Bc1 $17) ({Black should play} 20... Nxd5 $19 21. Bxc2 Nxe3) 21. Bxb6 Nxd5 22. Ba5 Bd6 23. Re1 e4 24. Bd2 e3 25. Ba5 {[#]} Nb4 (25... Bb4 $142 $1 {[%cal Rb4e1]} 26. Bxb4 Nxb4) 26. Bb6 Be4 {Played: Nb4-c2} 0-1

[Event "31st Roquetas de Mar Open 2020"]
[Site "Roquetas de Mar"]
[Date "2020.01.02"]
[Round "1.7"]
[White "Lopez Martinez, Josep Manuel"]
[Black "Tadevosyan, Aspet"]
[Result "1/2-1/2"]
[WhiteElo "2545"]
[BlackElo "2070"]
[Annotator "TA"]
[PlyCount "124"]
[EventDate "2020.01.02"]
[EventType "swiss"]
[EventCountry "ESP"]
[SourceTitle "playchess.com"]
[Source "ChessBase"]
[SourceQuality "1"]

{[%evp 9,124,0,0,-11,8,0,5,2,2,-6,22,20,18,0,10,15,14,10,67,10,47,23,31,29,30,0,0,0,0,0,0,-21,-20,-20,0,-30,29,11,26,-8,0,-7,0,0,0,0,0,0,0,0,15,-8,-45,-62,0,0,154,134,172,0,0,0,8,-391,0,-57,0,0,0,0,0,0,0,0,0,0,0,0,0,0,0,0,0,0,0,0,0,0,0,-325,-333,-329,-119,-119,0,-338,-341,-350,-119,-119,-119,-119,-119,-119,-119,-119,-120,-120,-120,-120,-120,-121,-125,-128,-128,-137,0]} 1. d4 Nf6 2. c4 e6 3. Nf3 d5 4. e3 Be7 5. Nc3 O-O 6. a3 {D37: Queen's Gambit Declined: 5 Bf4} (6. b3 c5 7. Bb2 cxd4 8. Nxd4 a6 9. a3 dxc4 10. Bxc4 b5 11. Be2 Bb7 12. Bf3 Qb6 13. Bxb7 Qxb7 14. Qf3 Qxf3 15. gxf3 Rc8 16. Ke2 {½-½ (16) Andreikin,D (2719)-Matlakov,M (2700) St Petersburg 2018}) 6... c6 7. Qc2 Nbd7 8. Be2 {The position is equal.} Qc7 9. O-O e5 10. cxd5 cxd5 11. dxe5 Nxe5 12. Nd4 Rd8 $146 ({Predecessor:} 12... a6 13. Rd1 Bg4 14. h3 Be6 {1-0 (38) Neubart,T (1808)-Guenther,R Berlin 2004}) 13. Rd1 Neg4 (13... Bd7 $11) 14. g3 (14. f4 $1 $14) 14... Qe5 15. f4 Qh5 16. Bf3 {aiming for Qg2.} Ne4 17. Qg2 Nxc3 $1 18. bxc3 {h3 is the strong threat.} Qg6 $1 19. h3 Nf6 20. c4 dxc4 21. g4 Bc5 22. Bb2 Re8 (22... Ne8 $142 $1) 23. Rac1 $11 h5 {[%cal Rh5g4]} 24. g5 (24. f5 $5 {[%cal Rf5g6]} Qg5 25. gxh5 Qxe3+ 26. Kh1 $11) 24... Ne4 25. Rxc4 {Threatens to win with Bxe4.} Bxd4 26. Bxd4 Bf5 27. Rc7 Rac8 28. Rdc1 $36 {[%mdl 2048] White has some pressure.} Rxc7 29. Rxc7 h4 30. Rxb7 Rc8 31. Qb2 (31. Rxa7 $2 Rc1+ 32. Kh2 Ng3 $19) 31... Bxh3 (31... Kh7 $1 $15) 32. Rb8 {Black must now prevent Bg2.} Rxb8 $2 ({Black should play} 32... Ng3 $11) 33. Qxb8+ $16 {[%mdl 64] Double Attack} Kh7 34. Qe5 $2 ({Weaker is} 34. Qxa7 Nd2 $11) (34. Bxg7 $1 $18 Kxg7 35. Qe5+ {[%mdl 64] Double Attack} f6 36. Qe7+ {[%mdl 64] Double Attack} (36. Qxe4 Qxe4 37. gxf6+ Kxf6 $16) 36... Qf7 37. Qxe4) 34... Ng3 $11 35. e4 f6 36. Qc7 $2 {[%mdl 8192] [#]} (36. Qe7 $11 fxg5 37. fxg5) 36... Nxe4 $2 (36... Ne2+ $1 $19 {[%mdl 512]} 37. Bxe2 Qxe4 {[%mdl 64] Double Attack}) 37. Kh2 (37. Qe7 $11 Nd2 38. Be2 Qb1+ 39. Kh2) 37... Bf5 ({Black should try} 37... Be6 $1 $15 38. Qb7 Nd6) 38. Bxe4 Bxe4 39. Bxf6 $1 a6 40. Bd4 Bb1 41. Qe5 Bf5 42. a4 Bg4 43. Qc7 Bd1 44. Qe5 Bxa4 45. Kh3 Bd7+ 46. Kxh4 Bf5 47. Qe7 Bd3 48. Qf8 Bb1 49. Bf6 $2 {[%mdl 8192]} (49. f5 $11 Bxf5 50. Bxg7 Qxg7 51. Qxf5+ Kg8 52. Qf3) 49... gxf6 $19 50. Qe7+ {[#]} Kg8 $2 (50... Qg7 $1 $19 {[%cal Rg7e7]} 51. Qe6 (51. gxf6 $2 Qxe7 52. fxe7 Bg6 $19) 51... fxg5+ 52. fxg5 Qd4+ 53. Kh5 Qd1+ 54. Kh4 Qh1+ 55. Kg3 Qg1+ 56. Kh4 Qf2+ 57. Kg4 Bg6 58. Qe7+ Bf7 59. Qe4+ Bg6 60. Qh1+ Kg8 61. Qa8+ Qf8 62. Qxa6 Qf5+ 63. Kg3 Qe5+ 64. Kf2 Qf4+ 65. Ke2 Bh5+ 66. Ke1 Qh4+ 67. Kf1 Qh3+ 68. Kf2 Qf5+ 69. Ke1 Qe5+ 70. Kf2 Qd4+ 71. Kg2 Qe4+ 72. Kf2 Qf4+ 73. Ke1 Qg3+ 74. Kf1 Qf4+ 75. Ke1) 51. Qd8+ Kh7 (51... Kg7 $17 {Hoping for ...fxg5+.} 52. Qd7+ Qf7 53. gxf6+ Kg6 54. Qg4+ Kh7) 52. Qc7+ $2 {[%mdl 8192]} (52. Qe7+ $11 Qg7 53. Qe6 (53. gxf6 $2 Qxe7 54. fxe7 Bg6 $19) 53... fxg5+ 54. fxg5 Qd4+ 55. Kh5 Qd1+ 56. Kh4 Qh1+ 57. Kg3 Qg1+ 58. Kf3 Qd1+ 59. Kg2 Qd2+ 60. Kf3 Qd3+ 61. Kf2) 52... Qg7 53. Qd6 fxg5+ $2 (53... Bf5 $19 {and Black stays clearly on top. Strongly threatening ...a5.} 54. Qc5 fxg5+ 55. fxg5 Qd7) 54. fxg5 $17 a5 55. Qb6 Bf5 56. Qxa5 Qd4+ 57. Kg3 Qe3+ 58. Kg2 Qxg5+ 59. Kf2 Qf4+ 60. Ke2 Qc4+ 61. Ke3 Qe4+ 62. Kf2 Qf4+ {Accuracy: White = 50%, Black = 48%.} ({Better is} 62... Qd4+ $17 63. Ke1 Qg1+ 64. Kd2 Qd4+ 65. Ke1 Qe3+ 66. Kd1 Qd4+ 67. Qd2 Bg4+ 68. Kc2 Qe5) 1/2-1/2

[Event "31st Roquetas de Mar Open 2020"]
[Site "Roquetas de Mar"]
[Date "2020.01.02"]
[Round "1.8"]
[White "Samuel Lares, Jairo"]
[Black "Bjerre, Jonas Buhl"]
[Result "0-1"]
[WhiteElo "2063"]
[BlackElo "2535"]
[Annotator "RC"]
[PlyCount "124"]
[EventDate "2020.01.02"]
[EventType "swiss"]
[EventCountry "ESP"]
[SourceTitle "playchess.com"]
[Source "ChessBase"]
[SourceQuality "1"]
[TimeControl "5400+30"]

1. d4 {[%emt 0:00:00]} Nf6 {[%emt 0:00:53]} 2. Nc3 {[%emt 0:00:00]} d5 {[%emt 0:01:00]} 3. Bf4 {[%emt 0:00:00]} c5 {[%emt 0:04:10]} 4. e3 {[%emt 0:00:20]} cxd4 {[%emt 0:01:06]} 5. exd4 {[%emt 0:00:04]} a6 {[%emt 0:00:54]} 6. Nf3 {[%emt 0:00:47]} Nc6 {[%emt 0:03:17]} 7. Be2 {[%emt 0:00:58]} Bg4 {[%emt 0:05:55]} 8. Ne5 {[%emt 0:16:12]} Bxe2 {[%emt 0:03:10]} 9. Nxe2 {[%emt 0:16:25]} e6 {[%emt 0:05:43]} 10. O-O {[%emt 0:04:51]} Be7 {[%emt 0:02:38]} 11. c4 {[%emt 0:05:51]} dxc4 {[%emt 0:09:54]} 12. Nxc6 {[%emt 0:01:54]} bxc6 {[%emt 0:00:10]} 13. Qa4 {[%emt 0:01:52]} Qb6 {[%emt 0:05:44]} 14. Qxc4 {[%emt 0:05:52]} O-O {[%emt 0:00:53]} 15. b3 {[%emt 0:01:46]} Rac8 {[%emt 0:03:49]} 16. Nc3 {[%emt 0:12:55]} Rfd8 {[%emt 0:08:30]} 17. Rfd1 {[%emt 0:05:09]} Qa7 {[%emt 0:10:39]} 18. Na4 {[%emt 0:08:48]} Rd5 {[%emt 0:01:40]} 19. Rac1 {[%emt 0:06:03]} Ne4 {[%emt 0:10:06]} 20. b4 {[%emt 0:04:21]} Rcd8 {[%emt 0:06:37]} 21. Be3 {[%emt 0:05:26]} e5 {[%emt 0:03:34]} 22. Qxc6 {[%emt 0:00:51]} exd4 {[%emt 0:00:51]} 23. Bf4 {[%emt 0:00:13]} d3 {[%emt 0:07:42]} 24. Nb6 {[%emt 0:00:47]} Nxf2 {[%emt 0:01:23]} 25. Rd2 {[%emt 0:00:34]} Ne4 {[%emt 0:00:34]} 26. Be3 {[%emt 0:00:02]} Bg5 {[%emt 0:00:54]} 27. Bxg5 {[%emt 0:00:49]} Rxg5 {[%emt 0:01:10]} 28. Qxe4 {[%emt 0:00:29]} Qxb6+ {[%emt 0:00:05]} 29. Kh1 {[%emt 0:00:12]} Rgd5 {[%emt 0:00:27]} 30. a3 {[%emt 0:00:18]} h6 {[%emt 0:00:41]} 31. h3 {[%emt 0:00:22]} Qd6 {[%emt 0:00:26]} 32. Rcd1 {[%emt 0:01:06]} Rd4 {[%emt 0:00:24]} 33. Qf3 {[%emt 0:00:35]} Qd7 {[%emt 0:00:20]} 34. Kg1 {[%emt 0:00:34]} Qb5 {[%emt 0:00:17]} 35. Kh1 {[%emt 0:00:26]} Qc4 {[%emt 0:00:08]} 36. Qb7 {[%emt 0:00:27]} R8d6 {[%emt 0:01:25]} 37. Kh2 {[%emt 0:00:33]} R4d5 {[%emt 0:00:31]} 38. Rf1 {[%emt 0:00:34]} Rd7 {[%emt 0:00:17]} 39. Qa8+ {[%emt 0:00:30]} Rd8 {[%emt 0:00:32]} 40. Qa7 {[%emt 0:00:28]} R5d7 {[%emt 0:00:18]} 41. Qf2 {[%emt 0:00:07]} Qc3 {[%emt 0:00:26]} 42. Rb1 {[%emt 0:00:40]} Qxa3 {[%emt 0:00:46]} 43. b5 {[%emt 0:00:02]} axb5 {[%emt 0:00:17]} 44. Rxb5 {[%emt 0:00:04]} Qc1 {[%emt 0:00:24]} 45. Rbb2 {[%emt 0:01:07]} Re8 {[%emt 0:01:01]} 46. Rb3 {[%emt 0:00:54]} Qc4 {[%emt 0:00:41]} 47. Rbb2 {[%emt 0:00:37]} Rde7 {[%emt 0:00:18]} 48. Qg3 {[%emt 0:00:34]} Re3 {[%emt 0:00:39]} 49. Qd6 {[%emt 0:00:09]} R8e6 {[%emt 0:00:37]} 50. Qd8+ {[%emt 0:00:43]} Kh7 {[%emt 0:00:07]} 51. Rf2 {[%emt 0:00:10]} Qe4 {[%emt 0:00:46]} 52. Rb5 {[%emt 0:00:58]} Re2 {[%emt 0:00:28]} 53. Rbf5 {[%emt 0:00:27]} Rxf2 {[%emt 0:00:29]} 54. Rxf2 {[%emt 0:00:04]} Qe5+ {[%emt 0:00:11]} 55. g3 {[%emt 0:00:39]} Rd6 {[%emt 0:00:15]} 56. Qb8 {[%emt 0:00:49]} Qd5 {[%emt 0:01:10]} 57. Qb1 {[%emt 0:00:31]} Rd7 {[%emt 0:00:32]} 58. Rd2 {[%emt 0:00:26]} Qe4 {[%emt 0:00:16]} 59. Qd1 {[%emt 0:00:32]} Qe3 {[%emt 0:00:23]} 60. Kg2 {[%emt 0:00:12]} Rd6 {[%emt 0:00:19]} 61. h4 {[%emt 0:00:32]} Rg6 {[%emt 0:00:25]} 62. Rxd3 {[%emt 0:00:36]} Rxg3+ {[%emt 0:00:08]} 0-1